|
|
|
|
| LEADER |
00000nam a2200000 a 4500 |
| 001 |
vtls001411607 |
| 003 |
SK-MaSNL |
| 005 |
20260302035057.0 |
| 008 |
240314s2000 xo aa r y slo |
| 015 |
|
|
|a SNBA2001/07-02649
|
| 020 |
|
|
|a 8088908612
|
| 035 |
|
|
|a SNK000366315
|
| 035 |
|
|
|a urn:nbn:sk:snk-am3h53b
|
| 035 |
|
|
|a urn:nbn:sk:snk-am00co3q
|
| 035 |
|
|
|a 5672E61E-2C5F-4B6A-B8DA-FCFD0860BFA4
|
| 040 |
|
|
|a SNK
|b slo
|c SNK
|e AACR2
|
| 041 |
0 |
|
|a slo
|
| 044 |
|
|
|a xo
|c SK
|
| 080 |
|
|
|a 617.3
|2 1981
|
| 100 |
1 |
|
|a Vojtaššák, Jozef,
|d 1954-
|4 aut
|9 219036
|
| 245 |
1 |
0 |
|a Ortopédia
|c Jozef Vojtaššák
|
| 250 |
|
|
|a 2. preprac. vyd.
|
| 260 |
|
|
|a Bratislava
|b Slovak Academic Press
|c 2000
|
| 300 |
|
|
|a 751 s.
|b fotogr., sch.
|c 28 cm
|
| 500 |
|
|
|a Ilustr. na tit. strane
|
| 504 |
|
|
|a Bibliogr. s. 753-764. Reg.
|
| 650 |
0 |
7 |
|a ortopédia
|x monografie
|2 SNK
|9 385139
|
| 655 |
|
7 |
|a príručky
|2 SNK
|9 74364
|
| 919 |
|
|
|a 80-88908-61-2
|
| 958 |
|
|
|a TL
|
| 958 |
|
|
|a NB
|
| 958 |
|
|
|a MI
|
| 999 |
|
|
|c 1069155
|d 1071085
|
| 952 |
|
|
|t P60, <03>, [BOOK], {603}
|a SNK
|b SNK
|y PREZ
|7 0
|p 17A0295885
|o snkSB 62587
|i snkKSP 5504/2001
|0 0
|1 0
|4 0
|d 2001-04-20
|f 1
|l 0
|r 2025-04-14 00:00:00
|w 2026-02-24
|
| 952 |
|
|
|t P60, <04>, [BOOK], {604}
|a SNK
|b SNK
|y VYP
|7 0
|p 17A0554369
|o snkSB 62587 D1
|i snkKSP 5505/2001
|0 0
|1 0
|4 0
|d 2001-04-20
|l 0
|r 2005-01-02 00:00:00
|w 2026-02-24
|